000
00320nam a2200133Ia 4500
008
191201s2007 xx 000 0 und d
082
_a
658.80285
_b
KAE
100
_a
Kalakota, Ravi
245
0
_a
Electronic Commerce
260
_a
N.Delhi
_b
Pearson Education
_c
2007
300
_a
431
650
_a
MBA
942
_2
ddc
_c
BK
_0
2
999
_c
3342
_d
3342